[Event "Olimpiada Calviá 2004"]
[Site "Calviá ESP"]
[Date "2004.10.23"]
[Round "8.4"]
[White "Socko, Bartosz"]
[Black "Nataf, Igor-Alexandre"]
[Result "1/2-1/2"]
[WhiteElo "2570"]
[BlackElo "2565"]
[PlyCount "137"]
[EventDate "2004.10.15"]
[EventType "team"]
[EventRounds "14"]
[EventCountry "ESP"]
[Source "lmi"]
[SourceDate "2004.10.27"]

1. e4 c5 2. Nf3 Nc6 3. d4 cxd4 4. Nxd4 Nf6 5. Nc3 e5 6. Ndb5 d6 7. Bg5 a6 8.
Na3 b5 9. Nd5 Be7 10. Nxe7 Qxe7 11. c4 Nd4 12. Nc2 Nxc2+ 13. Qxc2 Bd7 14. cxb5
axb5 15. Bd3 h6 16. Bd2 O-O 17. O-O Rfc8 18. Qd1 Qe6 19. Qb3 Ra4 20. Qxe6 fxe6
21. Rfd1 Rca8 22. a3 Nxe4 23. Bb4 d5 24. Bxe4 dxe4 25. Rac1 R8a7 26. Kf1 R4a6
27. Ke2 Bc6 28. Rd8+ Kf7 29. Ke3 Bd5 30. Rc5 Rb7 31. Bc3 Ra4 32. Bxe5 Rc4 33.
Rxc4 Bxc4 34. Kd4 Bd5 35. g3 Kg6 36. Rf8 b4 37. Rb8 Rf7 38. Bf4 bxa3 39. bxa3
Ra7 40. Bd6 Rf7 41. Rf8 Rd7 42. Ke5 Rb7 43. Rb8 Rf7 44. Rf8 Rb7 45. Bc5 Rc7 46.
Bd4 Rd7 47. Be3 h5 48. h4 Rf7 49. Rxf7 Kxf7 50. a4 Ke7 51. a5 Bb7 52. Kf4 g6
53. Ke5 Ba6 54. Bc5+ Kd7 55. Kf6 Be2 56. Kxg6 Kc6 57. a6 Bf3 58. Be3 Bg4 59.
Kf6 Kc7 60. Ke5 Bf5 61. Bd4 Kb8 62. Bb6 Ka8 63. Kf4 Kb8 64. g4 Bxg4 65. Kxe4
Be2 66. Ke5 Bg4 67. Kf6 Ka8 68. Kg5 e5 69. Be3 1/2-1/2

[Event "Olimpiada Calviá 2004"]
[Site "Calviá ESP"]
[Date "2004.10.23"]
[Round "8.6"]
[White "Avrukh, Boris"]
[Black "Svetushkin, Dmitry"]
[Result "1/2-1/2"]
[WhiteElo "2614"]
[BlackElo "2568"]
[PlyCount "119"]
[EventDate "2004.10.15"]
[EventType "team"]
[EventRounds "14"]
[EventCountry "ESP"]
[Source "lmi"]
[SourceDate "2004.10.27"]

1. d4 d5 2. c4 c6 3. Nc3 Nf6 4. Nf3 a6 5. c5 Nbd7 6. Bf4 Nh5 7. Bd2 Nhf6 8. h3
Qc7 9. Bg5 e5 10. e3 Be7 11. Be2 O-O 12. O-O exd4 13. exd4 Re8 14. Bd3 Nf8 15.
Qd2 Nh5 16. Rfe1 Be6 17. Be3 Ng6 18. Ne2 Qc8 19. Qc2 Bd8 20. Ne5 Nf6 21. Ng3
Bc7 22. f4 Bd7 23. Re2 Nf8 24. Rae1 b6 25. b4 bxc5 26. bxc5 Rb8 27. Rb1 a5 28.
Ree1 Rxb1 29. Rxb1 Qa8 30. Nf5 Ne4 31. Bxe4 dxe4 32. Nxd7 Nxd7 33. d5 cxd5 34.
Qb2 Nf6 35. Qb7 Qd8 36. Bd4 Bxf4 37. Rf1 e3 38. Rxf4 e2 39. Bc3 e1=Q+ 40. Bxe1
Rxe1+ 41. Kh2 Qd7 42. Qb6 Re6 43. c6 Qc8 44. Nd4 Re7 45. Nb5 Re6 46. Na7 Qf8
47. Nb5 Qc8 48. Nd4 Re7 49. Kg1 Ne4 50. Rf5 Nf6 51. Rf1 h5 52. Rb1 Kh7 53. Qxa5
Re4 54. Qc5 Qc7 55. Rc1 Qg3 56. Qc2 g6 57. c7 Re1+ 58. Rxe1 Qxe1+ 59. Kh2 Ng4+
60. hxg4 1/2-1/2

[Event "Olimpiada Calviá 2004"]
[Site "Calviá ESP"]
[Date "2004.10.23"]
[Round "8.7"]
[White "Van Wely, Loek"]
[Black "Azmaiparashvili, Zurab"]
[Result "1/2-1/2"]
[WhiteElo "2681"]
[BlackElo "2672"]
[PlyCount "95"]
[EventDate "2004.10.15"]
[EventType "team"]
[EventRounds "14"]
[EventCountry "ESP"]
[Source "lmi"]
[SourceDate "2004.10.27"]

1. d4 d5 2. c4 e6 3. Nc3 Be7 4. Nf3 Nf6 5. Bg5 h6 6. Bh4 O-O 7. e3 Ne4 8. Bxe7
Qxe7 9. Rc1 c6 10. Bd3 Nxc3 11. Rxc3 Nd7 12. Qc2 dxc4 13. Bxc4 b6 14. Bd3 c5
15. Be4 Rb8 16. O-O a5 17. Rd1 Bb7 18. Bxb7 Rxb7 19. a3 Re8 20. h3 e5 21. Qe4
Rbb8 22. dxe5 Nxe5 23. Qxe5 Qxe5 24. Nxe5 Rxe5 25. f4 Ree8 26. Kf2 Red8 27.
Rxd8+ Rxd8 28. Ke2 Rc8 29. Kd3 b5 30. b3 b4 31. axb4 Rd8+ 32. Ke2 cxb4 33. Rc5
Ra8 34. Kf3 Rd8 35. Ke2 Ra8 36. h4 a4 37. bxa4 Rxa4 38. Rb5 Ra2+ 39. Kf3 Rb2
40. Rb8+ Kh7 41. Rb7 Kg8 42. h5 b3 43. e4 Rb1 44. Kg4 b2 45. Rb8+ Kh7 46. e5 g5
47. hxg6+ fxg6 48. e6 1/2-1/2

[Event "Olimpiada Calviá 2004"]
[Site "Calviá ESP"]
[Date "2004.10.23"]
[Round "8.7"]
[White "Timman, Jan H"]
[Black "Izoria, Zviad"]
[Result "1/2-1/2"]
[WhiteElo "2602"]
[BlackElo "2600"]
[PlyCount "38"]
[EventDate "2004.10.15"]
[EventType "team"]
[EventRounds "14"]
[EventCountry "ESP"]
[Source "lmi"]
[SourceDate "2004.10.27"]

1. d4 Nf6 2. c4 e6 3. Nf3 d5 4. Nc3 Bb4 5. cxd5 exd5 6. Bg5 h6 7. Bxf6 Qxf6 8.
Qa4+ Nc6 9. e3 O-O 10. Be2 Be6 11. O-O a6 12. Rfc1 Bd6 13. Qd1 Ne7 14. Na4 c6
15. Nc5 Bxc5 16. Rxc5 Bg4 17. Ne5 Bxe2 18. Qxe2 Qe6 19. Rc2 Nc8 1/2-1/2

[Event "Olimpiada Calviá 2004"]
[Site "Calviá ESP"]
[Date "2004.10.23"]
[Round "8.8"]
[White "Bu, Xiangzhi"]
[Black "Arencibia, Walter"]
[Result "1/2-1/2"]
[WhiteElo "2615"]
[BlackElo "2516"]
[PlyCount "81"]
[EventDate "2004.10.15"]
[EventType "team"]
[EventRounds "14"]
[EventCountry "ESP"]
[Source "lmi"]
[SourceDate "2004.10.27"]

1. c4 e6 2. Nc3 Bb4 3. g3 Ne7 4. Bg2 O-O 5. Nf3 d5 6. cxd5 exd5 7. d4 c6 8. O-O
Nd7 9. Bf4 Ng6 10. Bg5 Nf6 11. a3 Bd6 12. b4 a6 13. Re1 Bf5 14. Nd2 h6 15. Bxf6
Qxf6 16. e4 dxe4 17. Ndxe4 Qd8 18. Nxd6 Qxd6 19. d5 Qf6 20. Rc1 Rad8 21. Qe2
Rfe8 22. Qxe8+ Rxe8 23. Rxe8+ Kh7 24. dxc6 bxc6 25. Re3 Ne5 26. Ne4 Qd8 27.
Ng5+ Qxg5 28. f4 Qd8 29. Rxe5 Qd4+ 30. Kh1 Qb2 31. Rce1 Be6 32. R5e3 Bd5 33.
Bxd5 cxd5 34. Rd3 Kg6 35. Red1 f6 36. R1d2 Qa1+ 37. Kg2 h5 38. h4 d4 39. Rd1
Qa2+ 40. R1d2 Qa1 41. Rd1 1/2-1/2

[Event "Olimpiada Calviá 2004"]
[Site "Calviá ESP"]
[Date "2004.10.23"]
[Round "8.9"]
[White "Hracek, Zbynek"]
[Black "Solak, Dragan"]
[Result "1/2-1/2"]
[WhiteElo "2595"]
[BlackElo "2563"]
[PlyCount "94"]
[EventDate "2004.10.15"]
[EventType "team"]
[EventRounds "14"]
[EventCountry "ESP"]
[Source "lmi"]
[SourceDate "2004.10.27"]

1. e4 c5 2. Nf3 d6 3. d4 cxd4 4. Nxd4 Nf6 5. Nc3 a6 6. Be3 e6 7. g4 e5 8. Nf5
h5 9. g5 Nxe4 10. Nxg7+ Bxg7 11. Nxe4 d5 12. Ng3 d4 13. Bd2 Qd5 14. Rg1 Bg4 15.
Be2 Nd7 16. Bxg4 hxg4 17. Qxg4 Rxh2 18. Qe4 Qxe4+ 19. Nxe4 Ke7 20. O-O-O Rc8
21. Rge1 Ke6 22. Bb4 Bf8 23. Bxf8 Nxf8 24. c3 dxc3 25. bxc3 Rc6 26. Rd8 Ng6 27.
Kc2 Rh4 28. a4 Kf5 29. f3 Rh2+ 30. Kb3 Rb6+ 31. Ka3 Rhb2 32. a5 R6b3+ 33. Ka4
b5+ 34. axb6 Rxb6 35. Ka3 R6b3+ 36. Ka4 Rb6 37. Ka3 Kf4 38. Rd7 Rb7 39. Rxb7
Rxb7 40. c4 Kxf3 41. Nd6 Rc7 42. Rf1+ Kg4 43. Nxf7 e4 44. Nd6 e3 45. Re1 Re7
46. c5 e2 47. c6 Rc7 1/2-1/2

[Event "Olimpiada Calviá 2004"]
[Site "Calviá ESP"]
[Date "2004.10.23"]
[Round "8.9"]
[White "Haba, Petr"]
[Black "Kosic, Dragan"]
[Result "1/2-1/2"]
[WhiteElo "2520"]
[BlackElo "2519"]
[PlyCount "65"]
[EventDate "2004.10.15"]
[EventType "team"]
[EventRounds "14"]
[EventCountry "ESP"]
[Source "lmi"]
[SourceDate "2004.10.27"]

1. e4 e6 2. d4 d5 3. e5 c5 4. c3 Nc6 5. Nf3 Qb6 6. a3 Nh6 7. b4 cxd4 8. cxd4
Nf5 9. Bb2 Bd7 10. g4 Nfe7 11. Nc3 Na5 12. Qc2 Nc4 13. Bxc4 dxc4 14. Nd2 Qc6
15. Nce4 c3 16. Qxc3 Nd5 17. Qb3 Be7 18. Rc1 Qb5 19. Nc4 O-O 20. Ncd6 Bxd6 21.
Nxd6 Qb6 22. g5 a5 23. b5 a4 24. Qd3 Rfd8 25. Rc5 Be8 26. O-O Rxd6 27. exd6
Qxd6 28. Rfc1 Qd8 29. h4 b6 30. R5c2 Bd7 31. Qg3 f6 32. Qd6 Qe8 33. Qg3 1/2-1/2

[Event "Olimpiada Calviá 2004"]
[Site "Calviá ESP"]
[Date "2004.10.23"]
[Round "8.11"]
[White "Gareev, Timur"]
[Black "Gnusarev, Petr"]
[Result "1/2-1/2"]
[WhiteElo "2525"]
[BlackElo "2357"]
[PlyCount "138"]
[EventDate "2004.10.15"]
[EventType "team"]
[EventRounds "14"]
[EventCountry "ESP"]
[Source "lmi"]
[SourceDate "2004.10.27"]

1. d4 Nf6 2. c4 e6 3. Nf3 b6 4. g3 Ba6 5. Qb3 Nc6 6. Nbd2 Na5 7. Qa4 Bb7 8. Bg2
c5 9. dxc5 bxc5 10. O-O Be7 11. Qc2 O-O 12. b3 Nc6 13. Bb2 h6 14. Rfd1 Qc7 15.
Rac1 a5 16. Bc3 a4 17. Qb2 Ra7 18. Rb1 axb3 19. axb3 Rfa8 20. Ra1 Nb4 21. Rxa7
Rxa7 22. Ra1 Rxa1+ 23. Qxa1 Qb6 24. Ne5 d6 25. Nd3 Bxg2 26. Kxg2 Qb7+ 27. Kg1
Nc6 28. Qa4 Kf8 29. b4 cxb4 30. Nxb4 Nxb4 31. Bxb4 Kg8 32. Qb5 Qa8 33. e3 Bf8
34. Ba5 Ne4 35. Nxe4 Qxe4 36. Bc7 Qa8 37. h4 Qa1+ 38. Kg2 Qa8+ 39. Kh2 Qf3 40.
Kg1 Qa8 41. Ba5 Qc8 42. Bb6 Qa8 43. Ba5 Qc8 44. e4 Qa8 45. e5 dxe5 46. Qxe5 Qc8
47. Qc7 Qxc7 48. Bxc7 Bc5 49. h5 g6 50. hxg6 fxg6 51. Kg2 Kf7 52. f4 Ke7 53.
Kf3 Kd7 54. Be5 Kc6 55. Bg7 h5 56. Bf6 Kd6 57. Bc3 Kc6 58. Be1 Be7 59. Ke4 Bd6
60. Bf2 Bc7 61. Be3 Bd6 62. Bd4 Bc7 63. Bf6 Bd6 64. Be5 Bc5 65. Bd4 Bd6 66. Kf3
Be7 67. Bf2 Bd6 68. Ke4 Bc7 69. Ba7 Bd6 1/2-1/2

[Event "Olimpiada Calviá 2004"]
[Site "Calviá ESP"]
[Date "2004.10.23"]
[Round "8.11"]
[White "Kuderinov, Kirill"]
[Black "Filippov, Anton"]
[Result "1-0"]
[WhiteElo "2323"]
[BlackElo "2475"]
[PlyCount "113"]
[EventDate "2004.10.15"]
[EventType "team"]
[EventRounds "14"]
[EventCountry "ESP"]
[Source "lmi"]
[SourceDate "2004.10.27"]

1. e4 e5 2. Nf3 Nc6 3. Bb5 a6 4. Bxc6 dxc6 5. d4 exd4 6. Qxd4 Qxd4 7. Nxd4 Bd7
8. Nc3 O-O-O 9. Be3 Bb4 10. O-O-O Ne7 11. Nde2 Ng6 12. Nf4 Nxf4 13. Bxf4 Be6
14. a3 Bc5 15. f3 Bc4 16. Rxd8+ Rxd8 17. Nd1 Be6 18. Re1 a5 19. Ne3 b5 20. g4
b4 21. axb4 axb4 22. Nf5 Bf8 23. g5 Kb7 24. Be5 Bxf5 25. exf5 Re8 26. Re4 c5
27. f6 gxf6 28. Bxf6 Rxe4 29. fxe4 c4 30. Kd2 Bd6 31. e5 Bf8 32. Ke3 Kc6 33.
Kd4 b3 34. c3 Ba3 35. Kxc4 Bxb2 36. Kxb3 Bc1 37. Kc4 Bd2 38. h4 Kd7 39. Kb5 Be3
40. h5 Bf2 41. c4 Ba7 42. Ka6 Be3 43. Kb7 c5 44. Kb6 Bf2 45. Bg7 Be3 46. Bf8
Bxg5 47. Bxc5 f6 48. exf6 Bxf6 49. Be3 Be5 50. c5 Ke6 51. c6 Kf5 52. h6 Ke6 53.
Kb7 Kd5 54. Bb6 Bf4 55. Bc7 Bd2 56. Bg3 Ba5 57. Bf2 1-0

[Event "Olimpiada Calviá 2004"]
[Site "Calviá ESP"]
[Date "2004.10.23"]
[Round "8.12"]
[White "Tyomkin, Dimitri"]
[Black "Mihalcisin, Adrian"]
[Result "1/2-1/2"]
[WhiteElo "2505"]
[BlackElo "2512"]
[PlyCount "45"]
[EventDate "2004.10.15"]
[EventType "team"]
[EventRounds "14"]
[EventCountry "ESP"]
[Source "lmi"]
[SourceDate "2004.10.27"]

1. e4 e5 2. Nf3 Nc6 3. Bc4 Nf6 4. d3 Be7 5. O-O O-O 6. Re1 d6 7. a4 Be6 8. h3
Qd7 9. Nc3 Rad8 10. a5 a6 11. Bg5 h6 12. Bxf6 Bxf6 13. Nd5 Bxd5 14. Bxd5 Ne7
15. Bb3 Rfe8 16. d4 exd4 17. Nxd4 Ng6 18. c3 d5 19. Bxd5 c6 20. Bc4 Bxd4 21.
cxd4 Qxd4 22. Qb3 Qd7 23. Rad1 1/2-1/2

[Event "Olimpiada Calviá 2004"]
[Site "Calviá ESP"]
[Date "2004.10.23"]
[Round "8.12"]
[White "Sermek, Drazen"]
[Black "Zugic, Igor"]
[Result "1-0"]
[WhiteElo "2547"]
[BlackElo "2479"]
[PlyCount "107"]
[EventDate "2004.10.15"]
[EventType "team"]
[EventRounds "14"]
[EventCountry "ESP"]
[Source "lmi"]
[SourceDate "2004.10.27"]

1. e4 c5 2. c3 d6 3. d4 Nf6 4. Bd3 g6 5. dxc5 dxc5 6. e5 c4 7. Qa4+ Bd7 8. Qxc4
Ng4 9. Nf3 Nc6 10. Be4 Ngxe5 11. Nxe5 Nxe5 12. Qe2 Bg7 13. Bf4 Nc6 14. O-O O-O
15. Na3 e5 16. Be3 Be6 17. Bc5 Re8 18. Rfd1 Qa5 19. Qb5 Qc7 20. Nc4 Bxc4 21.
Qxc4 Bf8 22. Be3 a6 23. a4 Rac8 24. b4 Qe7 25. Qb3 Red8 26. Bb6 Re8 27. b5 Nb8
28. Qd5 axb5 29. axb5 Rxc3 30. Qxb7 Qf6 31. Ra8 Bd6 32. g3 Kg7 33. Bd5 Rf8 34.
Be4 h5 35. Qd5 Be7 36. Qb7 Bd6 37. h4 Rcc8 38. Be3 Bb4 39. Qb6 Qxb6 40. Bxb6
Bc5 41. Ba5 Bd4 42. b6 f5 43. b7 Rce8 44. Bd5 f4 45. gxf4 Rxf4 46. Bc7 Rff8 47.
Rd2 Kf6 48. Bd6 Rh8 49. Rc2 e4 50. Bxe4 Be5 51. Bxe5+ Kxe5 52. Bxg6 Reg8 53.
Kf1 Kd6 54. Bf5 1-0

[Event "Olimpiada Calviá 2004"]
[Site "Calviá ESP"]
[Date "2004.10.23"]
[Round "8.13"]
[White "Hebden, Mark"]
[Black "Ruck, Robert"]
[Result "0-1"]
[WhiteElo "2550"]
[BlackElo "2562"]
[PlyCount "107"]
[EventDate "2004.10.15"]
[EventType "team"]
[EventRounds "14"]
[EventCountry "ESP"]
[Source "lmi"]
[SourceDate "2004.10.27"]

1. d4 Nf6 2. Nf3 g6 3. Nc3 d5 4. Bf4 Bg7 5. e3 O-O 6. Be2 c5 7. Ne5 Nc6 8. O-O
cxd4 9. exd4 Qb6 10. Nxc6 Qxc6 11. Re1 a6 12. a4 Bf5 13. a5 Rad8 14. Bf1 Rfe8
15. h3 Ne4 16. Nxe4 dxe4 17. c3 e5 18. Be3 exd4 19. cxd4 Qd5 20. Qa4 Bd7 21.
Qb4 Rc8 22. Rec1 Bc6 23. Rc3 Bf8 24. Qb6 Qd7 25. Rac1 Bd5 26. Bf4 Qf5 27. Be5
Rxc3 28. Rxc3 Be7 29. g4 Qd7 30. Bc4 Bxc4 31. Rxc4 e3 32. fxe3 Qd5 33. Qc7 Bg5
34. Rc3 Qf3 35. Bf4 Qxh3 36. Bxg5 Qxg4+ 37. Kf2 Qxg5 38. Qxb7 Qxa5 39. Qd7 Re6
40. d5 Rf6+ 41. Ke2 Qb4 42. Rc2 Kg7 43. Qc7 Qg4+ 44. Kd3 Qd1+ 45. Ke4 h5 46.
Qc3 Qf3+ 47. Kd4 h4 48. e4 Qf4 49. Qe3 Qg4 50. Rf2 Rxf2 51. Qxf2 h3 52. Qh2 Qg2
53. Qe5+ Kh7 54. Qf6 0-1

[Event "Olimpiada Calviá 2004"]
[Site "Calviá ESP"]
[Date "2004.10.23"]
[Round "8.13"]
[White "Acs, Peter"]
[Black "Wells, Peter K"]
[Result "1/2-1/2"]
[WhiteElo "2521"]
[BlackElo "2504"]
[PlyCount "47"]
[EventDate "2004.10.15"]
[EventType "team"]
[EventRounds "14"]
[EventCountry "ESP"]
[Source "lmi"]
[SourceDate "2004.10.27"]

1. e4 c5 2. Nf3 Nc6 3. d4 cxd4 4. Nxd4 Nf6 5. Nc3 d6 6. Bg5 e6 7. Qd2 Be7 8.
O-O-O O-O 9. f4 Nxd4 10. Qxd4 Qa5 11. Kb1 h6 12. h4 Rd8 13. Qe3 Bd7 14. Bd3 Bc6
15. e5 dxe5 16. fxe5 Ng4 17. Qf4 hxg5 18. hxg5 Qxe5 19. Bh7+ Kf8 20. Bg6 Rxd1+
21. Nxd1 Ke8 22. Bxf7+ Kd7 23. Qxg4 Qxg5 24. Bxe6+ 1/2-1/2

[Event "Olimpiada Calviá 2004"]
[Site "Calviá ESP"]
[Date "2004.10.23"]
[Round "8.15"]
[White "San Segundo, Carrillo Pablo"]
[Black "Aleksandrov, Aleksej"]
[Result "1/2-1/2"]
[WhiteElo "2516"]
[BlackElo "2659"]
[PlyCount "31"]
[EventDate "2004.10.15"]
[EventType "team"]
[EventRounds "14"]
[EventCountry "ESP"]
[Source "lmi"]
[SourceDate "2004.10.27"]

1. d4 Nf6 2. c4 e6 3. Nf3 Bb4+ 4. Bd2 c5 5. Bxb4 cxb4 6. g3 b6 7. Bg2 Bb7 8.
O-O O-O 9. Qd3 a5 10. Nbd2 d5 11. Rfd1 Nbd7 12. Rac1 Qb8 13. Qe3 dxc4 14. Nxc4
b5 15. Nce5 Nb6 16. Ne1 1/2-1/2

[Event "Olimpiada Calviá 2004"]
[Site "Calviá ESP"]
[Date "2004.10.23"]
[Round "8.15"]
[White "Herraiz Hidalgo, Herminio"]
[Black "Dydyshko, Viacheslav"]
[Result "1/2-1/2"]
[WhiteElo "2474"]
[BlackElo "2581"]
[PlyCount "72"]
[EventDate "2004.10.15"]
[EventType "team"]
[EventRounds "14"]
[EventCountry "ESP"]
[Source "lmi"]
[SourceDate "2004.10.27"]

1. d4 Nf6 2. c4 e6 3. Nc3 Bb4 4. Qc2 c5 5. dxc5 O-O 6. a3 Bxc5 7. Nf3 b6 8. Bf4
Bb7 9. e3 Nc6 10. Rd1 Rc8 11. Be2 Be7 12. O-O a6 13. Nd2 d6 14. b4 Ne5 15. Qb2
Qc7 16. Rc1 Qb8 17. Rfd1 Qa8 18. Na4 Ned7 19. Nf3 Ne4 20. Qb1 Rfd8 21. Ne1 Bc6
22. Nc3 Ndf6 23. Nxe4 Nxe4 24. f3 e5 25. fxe4 exf4 26. exf4 Bxe4 27. Bd3 d5 28.
cxd5 Rxc1 29. Rxc1 Bxd5 30. Bxh7+ Kh8 31. Bf5 a5 32. Bg4 Be4 33. Qb3 axb4 34.
axb4 Qd5 35. Qxd5 Bxd5 36. Nd3 g6 1/2-1/2

[Event "Olimpiada Calviá 2004"]
[Site "Calviá ESP"]
[Date "2004.10.23"]
[Round "8.15"]
[White "Zhigalko, Andrey"]
[Black "Ibarra Jerez, Jose Carlos"]
[Result "1/2-1/2"]
[WhiteElo "2515"]
[BlackElo "2423"]
[PlyCount "36"]
[EventDate "2004.10.15"]
[EventType "team"]
[EventRounds "14"]
[EventCountry "ESP"]
[Source "lmi"]
[SourceDate "2004.10.27"]

1. e4 e6 2. d4 d5 3. Nc3 Bb4 4. e5 c5 5. a3 Ba5 6. b4 cxd4 7. Nb5 Bc7 8. f4 Bd7
9. Nf3 Nh6 10. Nxc7+ Qxc7 11. Bd3 a6 12. a4 Nc6 13. Bd2 Nf5 14. Qe2 Ne3 15. Rb1
Nc4 16. Bxc4 dxc4 17. Qxc4 Rc8 18. O-O Ne7 1/2-1/2

[Event "Olimpiada Calviá 2004"]
[Site "Calviá ESP"]
[Date "2004.10.23"]
[Round "8.16"]
[White "Del Rio Angelis, Salvador G"]
[Black "Berg, Olaf"]
[Result "1-0"]
[WhiteElo "2491"]
[BlackElo "2211"]
[PlyCount "83"]
[EventDate "2004.10.15"]
[EventType "team"]
[EventRounds "14"]
[EventCountry "ESP"]
[Source "lmi"]
[SourceDate "2004.10.27"]

1. e4 c5 2. Nf3 d6 3. d4 cxd4 4. Nxd4 Nf6 5. Nc3 a6 6. Bg5 e6 7. f4 Be7 8. Qf3
Qc7 9. O-O-O Nbd7 10. g4 b5 11. Bxf6 Nxf6 12. g5 Nd7 13. f5 Bxg5+ 14. Kb1 Ne5
15. Qh5 Qd8 16. h4 Bf6 17. fxe6 O-O 18. Bh3 Kh8 19. Nd5 fxe6 20. Bxe6 Ra7 21.
Rh3 g6 22. Qe2 Qe8 23. Bxc8 Qxc8 24. Nf4 Nc4 25. Qd3 Be5 26. Nd5 Raf7 27. Rhh1
Rf2 28. h5 g5 29. Ne7 Qd7 30. Ndc6 Bf6 31. Ng6+ Kg7 32. Nxf8 Qxc6 33. Ne6+ Kf7
34. e5 Nxe5 35. Nxg5+ Bxg5 36. Qxh7+ Ke6 37. h6 Bf6 38. Rhe1 Qd7 39. Qg8+ Qf7
40. Qg4+ Ke7 41. Qd4 Bg5 42. Qxd6+ 1-0

[Event "Olimpiada Calviá 2004"]
[Site "Calviá ESP"]
[Date "2004.10.23"]
[Round "8.16"]
[White "Rodgaard, John"]
[Black "Mascaro March, Pedro"]
[Result "1/2-1/2"]
[WhiteElo "2310"]
[BlackElo "2323"]
[PlyCount "24"]
[EventDate "2004.10.15"]
[EventType "team"]
[EventRounds "14"]
[EventCountry "ESP"]
[Source "lmi"]
[SourceDate "2004.10.27"]

1. Nf3 Nf6 2. c4 e6 3. Nc3 Bb4 4. Qc2 d5 5. a3 Bxc3 6. Qxc3 dxc4 7. Qxc4 O-O 8.
d4 b6 9. Bg5 Ba6 10. Bxf6 Qxf6 11. Qc3 Rc8 12. e3 Bxf1 1/2-1/2

[Event "Olimpiada Calviá 2004"]
[Site "Calviá ESP"]
[Date "2004.10.23"]
[Round "8.16"]
[White "Samuelsen, Carl Eli Nolsoe"]
[Black "Ducros Salva, Antonio"]
[Result "1-0"]
[WhiteElo "2225"]
[BlackElo "2204"]
[PlyCount "125"]
[EventDate "2004.10.15"]
[EventType "team"]
[EventRounds "14"]
[EventCountry "ESP"]
[Source "lmi"]
[SourceDate "2004.10.27"]

1. e4 c5 2. Nf3 Nc6 3. d4 cxd4 4. Nxd4 g6 5. Nc3 Bg7 6. Be3 Nf6 7. Bc4 O-O 8.
Bb3 a5 9. O-O a4 10. Nxa4 Nxe4 11. c3 d6 12. Nb5 Nf6 13. Bb6 Qd7 14. Re1 Qg4
15. f3 Qf5 16. Nc7 Rb8 17. Qe2 Bd7 18. Rad1 Rbc8 19. c4 Ne8 20. Nd5 e6 21. g4
Qg5 22. Be3 Qd8 23. Ndb6 Rc7 24. Nxd7 Rxd7 25. Nb6 Nd4 26. Rxd4 Qxb6 27. Rd2
Qc6 28. Red1 Nc7 29. a3 Kh8 30. Ba2 f5 31. g5 f4 32. Bf2 Rf5 33. h4 Re5 34. Qd3
d5 35. b4 d4 36. b5 Qc5 37. Kg2 Ne8 38. Re2 Rxe2 39. Qxe2 e5 40. Bb1 Nd6 41.
Bd3 Qxa3 42. Be1 Nf5 43. Rb1 Ne3+ 44. Kh2 Bf8 45. b6 Bc5 46. Rb5 Rd6 47. Ra5
Rxb6 48. Rxa3 Bxa3 49. Kh1 Rb2 50. Bd2 Bb4 51. Bxb4 Rxe2 52. Bxe2 Nf5 53. Be1
Kg7 54. Bd3 Ne3 55. Kg1 h6 56. Ba5 hxg5 57. hxg5 Kf7 58. c5 Nf5 59. Be4 Ke6 60.
Bxb7 Ne7 61. c6 d3 62. Kf2 e4 63. fxe4 1-0

[Event "Olimpiada Calviá 2004"]
[Site "Calviá ESP"]
[Date "2004.10.23"]
[Round "8.17"]
[White "Nielsen, Peter Heine"]
[Black "Kotronias, Vasilios"]
[Result "1/2-1/2"]
[WhiteElo "2663"]
[BlackElo "2599"]
[PlyCount "38"]
[EventDate "2004.10.15"]
[EventType "team"]
[EventRounds "14"]
[EventCountry "ESP"]
[Source "lmi"]
[SourceDate "2004.10.27"]

1. e4 c5 2. Nf3 Nc6 3. d4 cxd4 4. Nxd4 Nf6 5. Nc3 d6 6. Bg5 e6 7. Qd2 a6 8.
O-O-O Bd7 9. f4 b5 10. Bxf6 gxf6 11. Nxc6 Bxc6 12. Bd3 Qb6 13. f5 h5 14. Kb1 b4
15. Ne2 e5 16. Bc4 Ra7 17. Bd5 Ba4 18. b3 Bd7 19. Nc1 Bh6 1/2-1/2

[Event "Olimpiada Calviá 2004"]
[Site "Calviá ESP"]
[Date "2004.10.23"]
[Round "8.17"]
[White "Papaioannou, Ioannis"]
[Black "Hansen, Sune Berg"]
[Result "0-1"]
[WhiteElo "2577"]
[BlackElo "2551"]
[PlyCount "110"]
[EventDate "2004.10.15"]
[EventType "team"]
[EventRounds "14"]
[EventCountry "ESP"]
[Source "lmi"]
[SourceDate "2004.10.27"]

1. c4 c5 2. Nf3 g6 3. d4 cxd4 4. Nxd4 Bg7 5. e4 Nc6 6. Be3 Nf6 7. Nc3 d6 8. Be2
O-O 9. Qd2 Bd7 10. f3 a5 11. Ndb5 a4 12. Rc1 Qa5 13. O-O Rfc8 14. f4 Bg4 15.
Rfd1 Be6 16. h3 Nb4 17. b3 axb3 18. axb3 Nd7 19. Ra1 Qxa1 20. Rxa1 Rxa1+ 21.
Kh2 Nc6 22. Nd4 Nc5 23. Nxc6 Rxc6 24. b4 Nb3 25. Qb2 Re1 26. e5 dxe5 27. Bf2
Rxe2 28. Nxe2 Bxc4 29. fxe5 b5 30. Bg3 Re6 31. Ng1 h6 32. Nf3 Ra6 33. Qc2 Ra1
34. Qc3 Ra2 35. Qe3 e6 36. h4 Re2 37. Qb6 Ra2 38. Qd8+ Kh7 39. Qd7 Bd5 40. Qxf7
Nd2 41. Ne1 Nc4 42. Qd7 Ne3 43. Qxb5 Nxg2 44. Nxg2 Rxg2+ 45. Kh3 Rb2 46. Qb8
Bg2+ 47. Kg4 Rb3 48. h5 gxh5+ 49. Kh4 Re3 50. Kxh5 Rxg3 51. Qc7 Be4 52. Kh4 Rd3
53. Kg4 Bf5+ 54. Kf4 Rd4+ 55. Kf3 Rxb4 0-1

[Event "Olimpiada Calviá 2004"]
[Site "Calviá ESP"]
[Date "2004.10.23"]
[Round "8.17"]
[White "Palo, Davor"]
[Black "Halkias, Stelios"]
[Result "1/2-1/2"]
[WhiteElo "2526"]
[BlackElo "2526"]
[PlyCount "54"]
[EventDate "2004.10.15"]
[EventType "team"]
[EventRounds "14"]
[EventCountry "ESP"]
[Source "lmi"]
[SourceDate "2004.10.27"]

1. d4 Nf6 2. c4 c5 3. d5 b5 4. cxb5 a6 5. bxa6 g6 6. Nc3 Bxa6 7. e4 Bxf1 8.
Kxf1 d6 9. Nf3 Nbd7 10. h3 Bg7 11. g3 O-O 12. Kg2 Nb6 13. Qc2 Qc8 14. Re1 Qb7
15. Rb1 Rac8 16. a4 Nfd7 17. Bf4 Qa8 18. b3 c4 19. b4 f5 20. a5 fxe4 21. Rxe4
Nxd5 22. Nxd5 Qxd5 23. Rd1 Qc6 24. b5 Qxb5 25. Rxe7 Nf6 26. Rxd6 Qxa5 27. Be5
Qa8 1/2-1/2

[Event "Olimpiada Calviá 2004"]
[Site "Calviá ESP"]
[Date "2004.10.23"]
[Round "8.17"]
[White "Nikolaidis, Ioannis"]
[Black "Mortensen, Erling"]
[Result "1/2-1/2"]
[WhiteElo "2527"]
[BlackElo "2465"]
[PlyCount "112"]
[EventDate "2004.10.15"]
[EventType "team"]
[EventRounds "14"]
[EventCountry "ESP"]
[Source "lmi"]
[SourceDate "2004.10.27"]

1. d4 Nf6 2. c4 g6 3. Nc3 Bg7 4. e4 d6 5. Bg5 O-O 6. Qd2 c5 7. d5 b5 8. cxb5 a6
9. a4 Qa5 10. f3 Nbd7 11. Nh3 Nb6 12. Nd1 Qxd2+ 13. Kxd2 e6 14. dxe6 fxe6 15.
Nc3 axb5 16. Bxb5 Ba6 17. Kc2 h6 18. Bf4 d5 19. a5 Nc4 20. b3 Bxb5 21. Nxb5
Nxa5 22. Nc7 Ra7 23. Nxe6 Re8 24. Nxg7 Kxg7 25. Bd2 Rea8 26. e5 Nd7 27. e6 Nb6
28. Nf4 Nc6 29. Rxa7+ Rxa7 30. Kb1 g5 31. Nd3 c4 32. Nb4 Nxb4 33. Bxb4 Nc8 34.
Rd1 Kf6 35. Rxd5 cxb3 36. Rd8 Ne7 37. Rh8 Nd5 38. Rxh6+ Kg7 39. e7 Nxe7 40. Rd6
Nf5 41. Bc3+ Kh7 42. Rd5 Kg6 43. Bd2 Ra2 44. h3 Nh4 45. Rxg5+ Kf6 46. Rd5 Nxg2
47. Bc3+ Ke6 48. Re5+ Kd6 49. Rb5 Rf2 50. Rxb3 Kd5 51. Bf6 Ne1 52. h4 Rxf3 53.
Rxf3 Nxf3 54. h5 Nd2+ 55. Kc2 Ne4 56. Bh4 Ke6 1/2-1/2